[Event "Madrid-chT 2021"]
[Site "Madrid"]
[Date "2021.03.06"]
[Round "3.6"]
[White "Bravo De la Vega, Alvaro"]
[Black "Estevez Sacristan, Deva"]
[Result "1-0"]
[WhiteElo "1927"]
[BlackElo "1932"]
[PlyCount "149"]
[EventDate "2021.01.24"]
[EventType "team-tourn"]
[EventRounds "14"]
[EventCountry "ESP"]
[SourceTitle "Ajedrez en Madrid"]
[Source "lmi"]
[SourceDate "2021.01.23"]
[SourceVersion "1"]
[SourceVersionDate "2021.06.08"]
[SourceQuality "1"]
[WhiteTeam "Tajamar"]
[BlackTeam "Villalba 64"]
[WhiteTeamCountry "ESP"]
[BlackTeamCountry "ESP"]

1. e4 e6 2. Qe2 d5 3. exd5 Qxd5 4. Nc3 Qd8 5. Nf3 Nf6 6. g3 Nc6 7. Bg2 Be7 8.
O-O O-O 9. Rd1 Rb8 10. d4 Nd5 11. Ne4 b5 12. a3 a6 13. Bg5 Bb7 14. Bxe7 Qxe7
15. Qd3 Nf6 16. Nc5 Rfd8 17. Nxb7 Rxb7 18. Qc3 Rb6 19. Re1 Qd6 20. Rad1 Ne7 21.
Ne5 Nfd5 22. Qf3 f6 23. Nd3 Ng6 24. h4 a5 25. Bh3 Nf8 26. Nc5 Qe7 27. Re2 b4
28. Rde1 e5 29. Nd7 Rxd7 30. Bxd7 Qxd7 31. dxe5 fxe5 32. Rxe5 Rd6 33. axb4 axb4
34. Rf5 Nf6 35. Qb3+ Kh8 36. Rfe5 Rd1 37. Qxb4 Rxe1+ 38. Rxe1 Qd8 39. Qc4 N8d7
40. Qe6 h6 41. Rd1 Qg8 42. Qc6 Qc8 43. Ra1 Nb8 44. Ra8 Nfd7 45. Qf3 Qe8 46. Kg2
Ne5 47. Qb7 Ned7 48. Ra3 Qe5 49. Re3 Qf5 50. Qxc7 Qd5+ 51. Kh2 Qf5 52. Kg1 Kh7
53. Qc3 Kh8 54. b4 Nf6 55. Qd3 Qc8 56. b5 Nbd7 57. Re7 Qd8 58. Qe3 Qa8 59. Qd4
Qb7 60. c4 Qc7 61. Re3 Nc5 62. Re5 Ncd7 63. Re1 Qa5 64. Ra1 Qd8 65. Ra6 Qe7 66.
b6 Ne5 67. Qe3 Qb7 68. Ra3 Nfg4 69. Qf4 Qe7 70. Ra8+ Kh7 71. Qe4+ Ng6 72. Qxe7
Nxe7 73. b7 Nc6 74. f4 Ne3 75. Rc8 1-0

[Event "Madrid-chT 2021"]
[Site "Madrid"]
[Date "2021.03.07"]
[Round "3.1"]
[White "Espinosa Aranda, Angel"]
[Black "Montañes Arribas, Adrian"]
[Result "1-0"]
[WhiteElo "2485"]
[BlackElo "2268"]
[PlyCount "77"]
[EventDate "2021.01.24"]
[EventType "team-tourn"]
[EventRounds "14"]
[EventCountry "ESP"]
[SourceTitle "Ajedrez en Madrid"]
[Source "lmi"]
[SourceDate "2021.01.23"]
[SourceVersion "1"]
[SourceVersionDate "2021.06.08"]
[SourceQuality "1"]
[WhiteTeam "Virgen de Atocha"]
[BlackTeam "Vallecas CDV"]
[WhiteTeamCountry "ESP"]
[BlackTeamCountry "ESP"]

1. d4 d5 2. c4 c6 3. Nf3 Nf6 4. e3 Bf5 5. cxd5 cxd5 6. Qb3 Qc7 7. Bd2 Nc6 8.
Bb5 e6 9. O-O Bd6 10. Bb4 O-O 11. Bxd6 Qxd6 12. Bxc6 bxc6 13. Nbd2 Rab8 14. Qc3
Qb4 15. Qxb4 Rxb4 16. b3 Nd7 17. Rfc1 Rb6 18. Ne5 Nb8 19. Rc5 f6 20. Nef3 Ra6
21. a3 Nd7 22. Rcc1 Rc8 23. b4 Nb6 24. Ra2 Bd3 25. Nb3 Na4 26. Nfd2 Kf7 27. Na5
Rb6 28. Ndb3 Bb5 29. f3 e5 30. Rac2 Ke7 31. Kf2 Rc7 32. dxe5 fxe5 33. f4 Ke6
34. fxe5 Rf7+ 35. Kg1 Kxe5 36. Nd4 Bd3 37. Naxc6+ Ke4 38. Rf2 Rbb7 39. Nf3 1-0

[Event "Madrid-chT 2021"]
[Site "Madrid"]
[Date "2021.03.07"]
[Round "3.2"]
[White "Martin Garcia, Guillermo Li"]
[Black "Plazuelo Pascual, Juan"]
[Result "1-0"]
[WhiteElo "2240"]
[BlackElo "2465"]
[PlyCount "142"]
[EventDate "2021.01.24"]
[EventType "team-tourn"]
[EventRounds "14"]
[EventCountry "ESP"]
[SourceTitle "Ajedrez en Madrid"]
[Source "lmi"]
[SourceDate "2021.01.23"]
[SourceVersion "1"]
[SourceVersionDate "2021.06.08"]
[SourceQuality "1"]
[WhiteTeam "Vallecas CDV"]
[BlackTeam "Virgen de Atocha"]
[WhiteTeamCountry "ESP"]
[BlackTeamCountry "ESP"]

1. Nf3 d5 2. g3 Nc6 3. d4 Bf5 4. Bg2 e6 5. c3 Be7 6. O-O h5 7. h4 Nf6 8. Bg5
Ne4 9. Bxe7 Qxe7 10. Nbd2 O-O-O 11. Ne5 Nxe5 12. dxe5 g5 13. Nxe4 dxe4 14. Qa4
a6 15. Bxe4 Bxe4 16. Qxe4 gxh4 17. Rad1 Rdg8 18. Rd3 Rg5 19. Qe3 Kb8 20. Rd4
Rg7 21. Kh2 hxg3+ 22. fxg3 Rhg8 23. Rf6 Qe8 24. Rdf4 Qb5 25. Rxf7 Rxf7 26. Rxf7
Qxb2 27. Rh7 Qxa2 28. Rxh5 a5 29. Rh4 Qd5 30. Rd4 Qc6 31. Qd3 Kc8 32. Rc4 Qd7
33. Rd4 Qf7 34. Kg2 Qh5 35. Qe3 Qe8 36. g4 Qc6+ 37. Kg3 b6 38. Qd3 Qh1 39. Qe4
Qg1+ 40. Qg2 Qe3+ 41. Qf3 Qxe5+ 42. Kg2 Kb8 43. Re4 Qd5 44. Kg3 Qd6+ 45. Kg2
Qc6 46. Kg3 a4 47. Rb4 Qd6+ 48. Qf4 Qc6 49. Qf3 Qd6+ 50. Qf4 e5 51. Qe4 a3 52.
Ra4 c6 53. Qh7 e4+ 54. Kh3 Qe6 55. Rxe4 Qg6 56. Qxg6 Rxg6 57. Ra4 Re6 58. Rxa3
Rxe2 59. c4 b5 60. cxb5 cxb5 61. g5 Kb7 62. g6 Re8 63. Kg4 Kb6 64. Kf5 b4 65.
Ra1 Kb5 66. Kf6 b3 67. g7 Rg8 68. Kf7 Rxg7+ 69. Kxg7 Kc4 70. Kf6 b2 71. Rg1 Kb3
1-0

[Event "Madrid-chT 2021"]
[Site "Madrid"]
[Date "2021.03.07"]
[Round "3.3"]
[White "Almagro Llamas, Pablo"]
[Black "Beltran de Heredia Eguiaz, Miguel Angel"]
[Result "1-0"]
[WhiteElo "2423"]
[BlackElo "2199"]
[PlyCount "89"]
[EventDate "2021.01.24"]
[EventType "team-tourn"]
[EventRounds "14"]
[EventCountry "ESP"]
[SourceTitle "Ajedrez en Madrid"]
[Source "lmi"]
[SourceDate "2021.01.23"]
[SourceVersion "1"]
[SourceVersionDate "2021.06.08"]
[SourceQuality "1"]
[WhiteTeam "Virgen de Atocha"]
[BlackTeam "Vallecas CDV"]
[WhiteTeamCountry "ESP"]
[BlackTeamCountry "ESP"]

1. e4 c5 2. Nf3 e6 3. b3 Nc6 4. Bb2 d6 5. d4 cxd4 6. Nxd4 Nf6 7. Nxc6 bxc6 8.
e5 dxe5 9. Qxd8+ Kxd8 10. Bxe5 Bc5 11. Be2 Ke7 12. Bf3 Ba6 13. c4 Rad8 14. O-O
Rd3 15. Nc3 Bb7 16. Na4 Bd4 17. Bxd4 Rxd4 18. Rfe1 Rhd8 19. Re5 Nd7 20. Ra5 a6
21. Kf1 e5 22. Rd1 f6 23. Rxd4 exd4 24. Ke2 Ne5 25. Nc5 Bc8 26. Be4 g6 27. f4
Ng4 28. h3 Ne3 29. Bxc6 Bf5 30. Rxa6 d3+ 31. Kxe3 d2 32. Bf3 d1=Q 33. Bxd1 Rxd1
34. Ra7+ Kd6 35. Ne4+ Bxe4 36. Kxe4 f5+ 37. Ke3 Re1+ 38. Kf2 Ra1 39. Kg3 Kc5
40. Rxh7 Rxa2 41. Rh6 Rb2 42. Rxg6 Rxb3+ 43. Kh4 Kxc4 44. Kg5 Rb5 45. h4 1-0

[Event "Madrid-chT 2021"]
[Site "Madrid"]
[Date "2021.03.07"]
[Round "3.4"]
[White "Morona Minguez, Miguel"]
[Black "Rubio Mejia, Luis Ignacio"]
[Result "0-1"]
[WhiteElo "2045"]
[BlackElo "2400"]
[PlyCount "62"]
[EventDate "2021.01.24"]
[EventType "team-tourn"]
[EventRounds "14"]
[EventCountry "ESP"]
[SourceTitle "Ajedrez en Madrid"]
[Source "lmi"]
[SourceDate "2021.01.23"]
[SourceVersion "1"]
[SourceVersionDate "2021.06.08"]
[SourceQuality "1"]
[WhiteTeam "Vallecas CDV"]
[BlackTeam "Virgen de Atocha"]
[WhiteTeamCountry "ESP"]
[BlackTeamCountry "ESP"]

1. e4 c5 2. Nf3 e6 3. d4 cxd4 4. Nxd4 a6 5. Nc3 b5 6. Be3 Bb7 7. Bd3 d6 8. O-O
Nf6 9. a3 Nbd7 10. f4 Rc8 11. Qe2 Be7 12. Rad1 O-O 13. h3 Rxc3 14. bxc3 Nxe4
15. Bxe4 Bxe4 16. f5 e5 17. Nb3 Qc7 18. Bg5 Bxg5 19. Qxe4 Be7 20. Qe3 Rc8 21.
Rd3 Nf6 22. g4 h6 23. Re1 e4 24. Rd2 d5 25. Kg2 Bd6 26. Rf2 Be5 27. Nd4 Qxc3
28. Qxc3 Rxc3 29. Ne2 Rxa3 30. Nf4 d4 31. Ne2 Nd5 0-1

[Event "Madrid-chT 2021"]
[Site "Madrid"]
[Date "2021.03.07"]
[Round "3.5"]
[White "Vazquez Torres, Adrian"]
[Black "Ballesteros Galvez, Daniel"]
[Result "1-0"]
[WhiteElo "2152"]
[BlackElo "1932"]
[PlyCount "113"]
[EventDate "2021.01.24"]
[EventType "team-tourn"]
[EventRounds "14"]
[EventCountry "ESP"]
[SourceTitle "Ajedrez en Madrid"]
[Source "lmi"]
[SourceDate "2021.01.23"]
[SourceVersion "1"]
[SourceVersionDate "2021.06.08"]
[SourceQuality "1"]
[WhiteTeam "Virgen de Atocha"]
[BlackTeam "Vallecas CDV"]
[WhiteTeamCountry "ESP"]
[BlackTeamCountry "ESP"]

1. e4 e5 2. Nf3 Nc6 3. Bb5 a6 4. Ba4 Nf6 5. O-O Be7 6. Re1 b5 7. Bb3 d6 8. h3
O-O 9. a4 b4 10. c3 Rb8 11. d3 Na5 12. cxb4 Nxb3 13. Qxb3 c5 14. Bd2 cxb4 15.
d4 Nd7 16. a5 Qc7 17. Ra4 exd4 18. Nxd4 Nc5 19. Qc4 Bd7 20. Rxb4 Bf6 21. Rxb8
Qxb8 22. Bc3 Rc8 23. Qe2 Re8 24. Nd2 Qa7 25. Qc4 Qb7 26. f3 Na4 27. Qa2 Nxc3
28. bxc3 Qc7 29. Qc4 Qxa5 30. N2b3 Qg5 31. Qxa6 Qg3 32. Re2 Be5 33. Kf1 Qh2 34.
Ke1 Bf4 35. Kd1 Qg1+ 36. Kc2 Qf1 37. Qa1 Qxa1 38. Nxa1 Ra8 39. Nab3 Kf8 40. Kd3
Ra3 41. Rb2 g6 42. Nd2 Ra1 43. Nc4 Ra7 44. Ne2 Be5 45. f4 Bf6 46. Nxd6 Ke7 47.
e5 Bg7 48. Ne4 Bf5 49. Nd4 Rd7 50. g4 Be6 51. Nc5 Rc7 52. Ncxe6 fxe6 53. Rb6
Bh6 54. Rxe6+ Kf7 55. g5 Bf8 56. Rf6+ Ke8 57. Rxf8+ 1-0

[Event "Madrid-chT 2021"]
[Site "Madrid"]
[Date "2021.03.07"]
[Round "3.6"]
[White "Morona Minguez, Irene"]
[Black "Horcajada Reales, Guillermo"]
[Result "0-1"]
[WhiteElo "1899"]
[BlackElo "2127"]
[PlyCount "40"]
[EventDate "2021.01.24"]
[EventType "team-tourn"]
[EventRounds "14"]
[EventCountry "ESP"]
[SourceTitle "Ajedrez en Madrid"]
[Source "lmi"]
[SourceDate "2021.01.23"]
[SourceVersion "1"]
[SourceVersionDate "2021.06.08"]
[SourceQuality "1"]
[WhiteTeam "Vallecas CDV"]
[BlackTeam "Virgen de Atocha"]
[WhiteTeamCountry "ESP"]
[BlackTeamCountry "ESP"]

1. e4 e6 2. d4 d5 3. Nc3 Nf6 4. e5 Nfd7 5. Bf4 a6 6. Bd3 c5 7. Nf3 Nc6 8. dxc5
Nxc5 9. Be2 d4 10. Nb1 Be7 11. O-O g5 12. Bg3 h5 13. h3 b5 14. Nbd2 Qd5 15. Nb3
Nxb3 16. axb3 g4 17. hxg4 hxg4 18. Ne1 Nxe5 19. Bxe5 Qxe5 20. f4 Qe3+ 0-1

[Event "Madrid-chT 2021"]
[Site "Madrid"]
[Date "2021.03.13"]
[Round "4.1"]
[White "Martinez Reyes, Pedro Ramon"]
[Black "Moreno Trujillo, Alejandro"]
[Result "0-1"]
[WhiteElo "2427"]
[BlackElo "2483"]
[PlyCount "33"]
[EventDate "2021.01.24"]
[EventType "team-tourn"]
[EventRounds "14"]
[EventCountry "ESP"]
[SourceTitle "Ajedrez en Madrid"]
[Source "lmi"]
[SourceDate "2021.01.23"]
[SourceVersion "1"]
[SourceVersionDate "2021.06.08"]
[SourceQuality "1"]
[WhiteTeam "Blanco y Negro"]
[BlackTeam "Villalba 64"]
[WhiteTeamCountry "ESP"]
[BlackTeamCountry "ESP"]

1. e4 e6 2. d4 d5 3. Nc3 Nf6 4. e5 Nfd7 5. f4 c5 6. Nf3 Nc6 7. Be3 Be7 8. Qd2
O-O 9. O-O-O c4 10. f5 b5 11. fxe6 fxe6 12. Nxb5 Rb8 13. Nd6 Bxd6 14. exd6 Nf6
15. c3 Qa5 16. a3 Bd7 17. Qc2 0-1

[Event "Madrid-chT 2021"]
[Site "Madrid"]
[Date "2021.03.13"]
[Round "4.2"]
[White "Valles Moreno, Ivan"]
[Black "Montoliu Cervero, Francisco"]
[Result "1/2-1/2"]
[WhiteElo "2412"]
[BlackElo "2395"]
[PlyCount "148"]
[EventDate "2021.01.24"]
[EventType "team-tourn"]
[EventRounds "14"]
[EventCountry "ESP"]
[SourceTitle "Ajedrez en Madrid"]
[Source "lmi"]
[SourceDate "2021.01.23"]
[SourceVersion "1"]
[SourceVersionDate "2021.06.08"]
[SourceQuality "1"]
[WhiteTeam "Villalba 64"]
[BlackTeam "Blanco y Negro"]
[WhiteTeamCountry "ESP"]
[BlackTeamCountry "ESP"]

1. Nf3 d5 2. g3 Nf6 3. Bg2 c5 4. O-O Nc6 5. c4 d4 6. d3 e5 7. e3 Be7 8. exd4
exd4 9. Bg5 O-O 10. Nbd2 Ng4 11. Bxe7 Qxe7 12. Re1 Qc7 13. h3 Nf6 14. Nb3 Qd6
15. Qd2 h6 16. Qf4 Qxf4 17. gxf4 Nh5 18. Nxc5 Nxf4 19. Ne5 Nxe5 20. Rxe5 Rb8
21. Re7 b6 22. Nb3 Bxh3 23. Bxh3 Nxh3+ 24. Kf1 Nf4 25. Rd1 a5 26. Nxd4 Rbd8 27.
Re4 g5 28. b3 Kh7 29. f3 Kg6 30. Kf2 Rd6 31. Rxf4 gxf4 32. Ne2 Kf5 33. d4 Rg8
34. Rh1 Rf6 35. Rh4 Rd8 36. Rxf4+ Ke6 37. Rh4 Kd7 38. Nc3 Rg6 39. Rh5 Ra8 40.
Ne2 Rf6 41. f4 Rg6 42. Kf3 Re8 43. Nc3 Re1 44. Nd5 Rf1+ 45. Ke4 Re1+ 46. Kf3
Rf1+ 47. Ke4 Rf2 48. f5 Rg4+ 49. Ke3 Rgg2 50. Nxb6+ Kd8 51. Ke4 Rg5 52. Rxh6
Rgxf5 53. Rh8+ Kc7 54. Nd5+ Kd7 55. Ra8 Rh5 56. Ra7+ Kd8 57. Rxa5 f5+ 58. Ke3
Rhh2 59. Nf4 Rxa2 60. Rxf5 Rhb2 61. Rb5 Kd7 62. Ke4 Rf2 63. c5 Ra1 64. Nd3 Re2+
65. Kd5 Rd1 66. Ne5+ Kc7 67. Ra5 Rh2 68. Ra7+ Kc8 69. b4 Rh4 70. Nc6 Rh5+ 71.
Kc4 Rc1+ 72. Kb5 Rhxc5+ 73. bxc5 Rxc5+ 74. Kb6 Rb5+ 1/2-1/2

[Event "Madrid-chT 2021"]
[Site "Madrid"]
[Date "2021.03.13"]
[Round "4.3"]
[White "Taboas Rodriguez, Daniel"]
[Black "Garcia Luengo, Leandro"]
[Result "1/2-1/2"]
[WhiteElo "2364"]
[BlackElo "2350"]
[PlyCount "86"]
[EventDate "2021.01.24"]
[EventType "team-tourn"]
[EventRounds "14"]
[EventCountry "ESP"]
[SourceTitle "Ajedrez en Madrid"]
[Source "lmi"]
[SourceDate "2021.01.23"]
[SourceVersion "1"]
[SourceVersionDate "2021.06.08"]
[SourceQuality "1"]
[WhiteTeam "Blanco y Negro"]
[BlackTeam "Villalba 64"]
[WhiteTeamCountry "ESP"]
[BlackTeamCountry "ESP"]

1. d4 d5 2. Nf3 e6 3. c4 f5 4. Bf4 Nf6 5. e3 Be7 6. Bd3 O-O 7. O-O Ne4 8. h3
Nd7 9. Qc2 c6 10. Nbd2 Bf6 11. Rad1 Qe7 12. Rfe1 g5 13. Bh2 Qg7 14. Nf1 h5 15.
Ng3 Qg6 16. Ne2 h4 17. Ne5 Bxe5 18. Bxe5 Nxe5 19. dxe5 b6 20. b4 Bb7 21. c5
bxc5 22. bxc5 Qg7 23. Rb1 Rab8 24. f3 Qxe5 25. fxe4 fxe4 26. Bxe4 Qxe4 27. Qxe4
dxe4 28. Nc3 Ba6 29. Nxe4 Rxb1 30. Rxb1 Bd3 31. Rb4 Rf1+ 32. Kh2 Rf5 33. Rd4
Bxe4 34. Rxe4 Rxc5 35. Rxe6 Kf7 36. Rh6 Ra5 37. Rxc6 Rxa2 38. e4 a5 39. Rc5 Kf6
40. Rc6+ Ke5 41. Rc5+ Kf6 42. Rc6+ Ke5 43. Rc5+ Kf6 1/2-1/2

[Event "Madrid-chT 2021"]
[Site "Madrid"]
[Date "2021.03.13"]
[Round "4.4"]
[White "Yashas, Devappa"]
[Black "Ballester Llagaria, Luis Eduardo"]
[Result "1-0"]
[WhiteElo "2296"]
[BlackElo "2331"]
[PlyCount "175"]
[EventDate "2021.01.24"]
[EventType "team-tourn"]
[EventRounds "14"]
[EventCountry "ESP"]
[SourceTitle "Ajedrez en Madrid"]
[Source "lmi"]
[SourceDate "2021.01.23"]
[SourceVersion "1"]
[SourceVersionDate "2021.06.08"]
[SourceQuality "1"]
[WhiteTeam "Villalba 64"]
[BlackTeam "Blanco y Negro"]
[WhiteTeamCountry "ESP"]
[BlackTeamCountry "ESP"]

1. b3 e5 2. Bb2 Nc6 3. e3 Nf6 4. Bb5 Bd6 5. Na3 Na5 6. Be2 Be7 7. d3 d5 8. Nf3
Nc6 9. O-O O-O 10. c4 Re8 11. cxd5 Nxd5 12. Nc4 f6 13. a3 a5 14. Rc1 Bf8 15.
Qc2 Be6 16. Rfe1 Qd7 17. h3 Rad8 18. Ncd2 Qf7 19. Qb1 Nb6 20. Bd1 Qg6 21. Kh1
Qh6 22. Ne4 Nd7 23. Kg1 Qg6 24. Kh1 Qh6 25. Bc2 Kh8 26. Kg1 Nc5 27. Ned2 Nd7
28. Qa1 Bg8 29. Bc3 Nc5 30. Qb1 Ne6 31. b4 axb4 32. axb4 Ne7 33. Ne4 Nd5 34.
Bd2 Qh5 35. Ba4 c6 36. b5 Nb6 37. Bd1 c5 38. Ba5 Nd7 39. Bxd8 Rxd8 40. d4 cxd4
41. Nxd4 Qg6 42. Nxe6 Bxe6 43. Ng3 Qe8 44. Bb3 Bxb3 45. Qxb3 Nc5 46. Qc4 Nd3
47. Red1 Nxc1 48. Rxc1 Qd7 49. b6 Ba3 50. Rc3 Bb2 51. Rc2 Ba3 52. Qc7 Qxc7 53.
Rxc7 Rb8 54. Nh5 Bf8 55. e4 h6 56. Kh2 Kg8 57. f3 Kh8 58. Kg3 f5 59. exf5 e4
60. Kf2 Bd6 61. Rxg7 Bc5+ 62. Ke2 e3 63. Rd7 Ra8 64. f4 Ra2+ 65. Kf3 Rf2+ 66.
Kg3 Rd2 67. Rxb7 e2 68. Rb8+ Kh7 69. Rb7+ Kg8 70. Nf6+ Kf8 71. Nh7+ Ke8 72.
Nf6+ Kf8 73. Nh7+ Ke8 74. Nf6+ Kd8 75. Rb8+ Ke7 76. Re8+ Kxf6 77. b7 Ba7 78.
Kf3 h5 79. g4 hxg4+ 80. hxg4 Rb2 81. Rxe2 Rxb7 82. Re6+ Kf7 83. g5 Bb8 84. Kg4
Rb4 85. g6+ Kg7 86. Kh5 Bxf4 87. f6+ Kf8 88. g7+ 1-0

[Event "Madrid-chT 2021"]
[Site "Madrid"]
[Date "2021.03.13"]
[Round "4.5"]
[White "Alarcia Astiz, Carlos"]
[Black "Sanchez Gonzalez, Sergio"]
[Result "1/2-1/2"]
[WhiteElo "2306"]
[BlackElo "2281"]
[PlyCount "112"]
[EventDate "2021.01.24"]
[EventType "team-tourn"]
[EventRounds "14"]
[EventCountry "ESP"]
[SourceTitle "Ajedrez en Madrid"]
[Source "lmi"]
[SourceDate "2021.01.23"]
[SourceVersion "1"]
[SourceVersionDate "2021.06.08"]
[SourceQuality "1"]
[WhiteTeam "Blanco y Negro"]
[BlackTeam "Villalba 64"]
[WhiteTeamCountry "ESP"]
[BlackTeamCountry "ESP"]

1. e4 c5 2. Nf3 e6 3. d4 cxd4 4. Nxd4 Nf6 5. Nc3 d6 6. f4 a6 7. Bd3 Be7 8. Nf3
Nbd7 9. O-O b5 10. a3 Bb7 11. Qe1 Nc5 12. b4 Nxd3 13. cxd3 Rc8 14. Bb2 a5 15.
Kh1 axb4 16. axb4 Qb6 17. Qd2 d5 18. e5 Ng4 19. Ne2 O-O 20. Bd4 Qc6 21. Rfc1
Qd7 22. h3 Nh6 23. g4 Rxc1+ 24. Nxc1 f6 25. Nb3 Nf7 26. Kg2 fxe5 27. Nxe5 Nxe5
28. fxe5 Qe8 29. Rf1 Rxf1 30. Kxf1 Qf8+ 31. Qf2 Qxf2+ 32. Kxf2 Bxb4 33. Bc5 Bc3
34. Bd4 b4 35. Ke2 Bxd4 36. Nxd4 Kf7 37. Kd2 Bc8 38. Kc2 Kg6 39. h4 Kf7 40. Kb3
Ba6 41. Kxb4 Bxd3 42. Kc5 Ke7 43. Nc6+ Kd7 44. Nb4 Be2 45. g5 Ke7 46. Kd4 Kf7
47. Ke3 Bf1 48. Nc6 Bh3 49. Kf4 Ke8 50. Nd4 Kd7 51. Kg3 Bf5 52. Kf4 g6 53. Ke3
Kd8 54. Kd2 Kc7 55. Kc3 Bg4 56. Kb4 Kb6 1/2-1/2

[Event "Madrid-chT 2021"]
[Site "Madrid"]
[Date "2021.03.13"]
[Round "4.6"]
[White "Estevez Sacristan, Deva"]
[Black "Renteria Becerra, Jorge Elicer"]
[Result "0-1"]
[WhiteElo "1932"]
[BlackElo "2262"]
[PlyCount "120"]
[EventDate "2021.01.24"]
[EventType "team-tourn"]
[EventRounds "14"]
[EventCountry "ESP"]
[SourceTitle "Ajedrez en Madrid"]
[Source "lmi"]
[SourceDate "2021.01.23"]
[SourceVersion "1"]
[SourceVersionDate "2021.06.08"]
[SourceQuality "1"]
[WhiteTeam "Villalba 64"]
[BlackTeam "Blanco y Negro"]
[WhiteTeamCountry "ESP"]
[BlackTeamCountry "ESP"]

1. e4 c5 2. Nc3 d6 3. d4 cxd4 4. Qxd4 Nc6 5. Qd2 Nf6 6. b3 g6 7. Bb2 Bg7 8.
O-O-O O-O 9. Kb1 a6 10. f3 Be6 11. g4 Qa5 12. h4 Rfc8 13. Nge2 Ne5 14. Nd4 b5
15. Nxe6 fxe6 16. Bg2 Rab8 17. Nd5 Qxd2 18. Nxf6+ Bxf6 19. Rxd2 Nd7 20. g5 Bxb2
21. Kxb2 Rf8 22. a3 Ne5 23. Rf2 Rf4 24. Kc1 Kg7 25. Kd2 Rbf8 26. Ke2 Nc6 27.
Ke3 e5 28. c3 Na5 29. Rb2 Rc8 30. Kd3 e6 31. a4 Nb7 32. axb5 Nc5+ 33. Ke3 axb5
34. c4 b4 35. Bf1 Ra8 36. Be2 Ra3 37. Bd1 h5 38. Rhh2 Kf7 39. Ra2 Rxh4 40. Rxa3
bxa3 41. Ra2 Rh1 42. Be2 Rb1 43. Rxa3 Rxb3+ 44. Rxb3 Nxb3 45. Bf1 Ke7 46. Bh3
Na5 47. Kd3 Nc6 48. Kd2 Nd8 49. Ke3 Nf7 50. f4 exf4+ 51. Kxf4 e5+ 52. Kg3 Nxg5
53. Bg2 Ne6 54. Kh4 g5+ 55. Kg3 Nf4 56. Bf3 Kd7 57. Bd1 Kc6 58. Kf3 Kc5 59. Bb3
Kd4 60. Ba2 g4+ 0-1

[Event "Madrid-chT 2021"]
[Site "Madrid"]
[Date "2021.03.13"]
[Round "4.1"]
[White "Herrera, Irisberto"]
[Black "Espinosa Aranda, Angel"]
[Result "1/2-1/2"]
[WhiteElo "2420"]
[BlackElo "2485"]
[PlyCount "28"]
[EventDate "2021.01.24"]
[EventType "team-tourn"]
[EventRounds "14"]
[EventCountry "ESP"]
[SourceTitle "Ajedrez en Madrid"]
[Source "lmi"]
[SourceDate "2021.01.23"]
[SourceVersion "1"]
[SourceVersionDate "2021.06.08"]
[SourceQuality "1"]
[WhiteTeam "Capablanca"]
[BlackTeam "Virgen de Atocha"]
[WhiteTeamCountry "ESP"]
[BlackTeamCountry "ESP"]

1. e4 c5 2. Nf3 e6 3. Nc3 Nc6 4. d4 cxd4 5. Nxd4 Qc7 6. Be2 Nf6 7. O-O Be7 8.
Be3 O-O 9. f4 d6 10. Kh1 Bd7 11. Qe1 Nxd4 12. Bxd4 Bc6 13. Qg3 b5 14. Nxb5 Bxb5
1/2-1/2

[Event "Madrid-chT 2021"]
[Site "Madrid"]
[Date "2021.03.13"]
[Round "4.3"]
[White "Tejedo Meneses, Alvaro"]
[Black "Almagro Llamas, Pablo"]
[Result "0-1"]
[WhiteElo "2052"]
[BlackElo "2423"]
[PlyCount "58"]
[EventDate "2021.01.24"]
[EventType "team-tourn"]
[EventRounds "14"]
[EventCountry "ESP"]
[SourceTitle "Ajedrez en Madrid"]
[Source "lmi"]
[SourceDate "2021.01.23"]
[SourceVersion "1"]
[SourceVersionDate "2021.06.08"]
[SourceQuality "1"]
[WhiteTeam "Capablanca"]
[BlackTeam "Virgen de Atocha"]
[WhiteTeamCountry "ESP"]
[BlackTeamCountry "ESP"]

1. e4 c5 2. Nf3 d6 3. d4 cxd4 4. Nxd4 Nf6 5. Nc3 a6 6. Bg5 Nbd7 7. Qd2 h6 8.
Be3 e6 9. f3 b5 10. Bd3 Bb7 11. O-O-O Rc8 12. Kb1 Ne5 13. g4 Nfd7 14. h4 Nb6
15. Qg2 Rxc3 16. bxc3 Qc7 17. Ne2 Na4 18. f4 Nc4 19. Bc1 g6 20. f5 Bg7 21. Qf2
exf5 22. gxf5 gxf5 23. Qxf5 Bc8 24. Qf3 Be6 25. e5 Bxe5 26. Qa8+ Ke7 27. Qxa6
Nc5 28. Qxb5 Rb8 29. Bxc4 Bxc4 0-1

[Event "Madrid-chT 2021"]
[Site "Madrid"]
[Date "2021.03.13"]
[Round "4.4"]
[White "Rubio Mejia, Luis Ignacio"]
[Black "Fernandez Rosado, Roberto"]
[Result "1-0"]
[WhiteElo "2400"]
[BlackElo "2081"]
[PlyCount "89"]
[EventDate "2021.01.24"]
[EventType "team-tourn"]
[EventRounds "14"]
[EventCountry "ESP"]
[SourceTitle "Ajedrez en Madrid"]
[Source "lmi"]
[SourceDate "2021.01.23"]
[SourceVersion "1"]
[SourceVersionDate "2021.06.08"]
[SourceQuality "1"]
[WhiteTeam "Virgen de Atocha"]
[BlackTeam "Capablanca"]
[WhiteTeamCountry "ESP"]
[BlackTeamCountry "ESP"]

1. c4 c5 2. Nc3 Nc6 3. Nf3 g6 4. e3 Nf6 5. d4 cxd4 6. exd4 d6 7. d5 Nb8 8. Be2
Bg4 9. O-O Bg7 10. h3 Bxf3 11. Bxf3 Nbd7 12. Be3 O-O 13. Re1 Rc8 14. b3 b6 15.
Nb5 Ra8 16. Nd4 Qc7 17. Rc1 Rae8 18. Qd2 a6 19. Bg5 Nc5 20. b4 Ncd7 21. Bd1 Ne5
22. Bb3 Qb7 23. f4 Ned7 24. Bh4 Kh8 25. Bf2 Nb8 26. Ba4 Rc8 27. Bc6 Nxc6 28.
dxc6 Qc7 29. b5 axb5 30. cxb5 d5 31. Nf3 e6 32. Bd4 Ne4 33. Bxg7+ Kxg7 34. Qd4+
Kg8 35. Rxe4 dxe4 36. Qxe4 Rfd8 37. a4 Rd5 38. Ne5 Rcd8 39. Rc4 R8d6 40. Kh2 f6
41. Nd7 Rxd7 42. cxd7 Qxd7 43. Rc6 Rd6 44. Qc4 Qe7 45. Qb4 1-0

[Event "Madrid-chT 2021"]
[Site "Madrid"]
[Date "2021.03.13"]
[Round "4.6"]
[White "Saez Mohedano, Marcos"]
[Black "Barragan Arriaza, Pablo"]
[Result "0-1"]
[WhiteElo "1378"]
[BlackElo "1893"]
[PlyCount "144"]
[EventDate "2021.01.24"]
[EventType "team-tourn"]
[EventRounds "14"]
[EventCountry "ESP"]
[SourceTitle "Ajedrez en Madrid"]
[Source "lmi"]
[SourceDate "2021.01.23"]
[SourceVersion "1"]
[SourceVersionDate "2021.06.08"]
[SourceQuality "1"]
[WhiteTeam "Virgen de Atocha"]
[BlackTeam "Capablanca"]
[WhiteTeamCountry "ESP"]
[BlackTeamCountry "ESP"]

1. e4 e5 2. Nf3 Nc6 3. Bc4 Bc5 4. c3 Nf6 5. d4 exd4 6. cxd4 Bb4+ 7. Nc3 Nxe4 8.
O-O Bxc3 9. d5 Bf6 10. dxc6 O-O 11. cxd7 Bxd7 12. Qc2 Nd6 13. Bd3 h6 14. Bd2
Bc6 15. Kh1 Qd7 16. Rg1 Rfe8 17. Rae1 Qg4 18. Qd1 Ne4 19. Be3 Rad8 20. Qc2 Ng5
21. Nxg5 Bxg5 22. Bh7+ Kh8 23. Bf5 Qb4 24. a3 Qa5 25. b4 Qxa3 26. Bxg5 hxg5 27.
b5 Rxe1 28. Rxe1 Re8 29. Rd1 Bxb5 30. Qxc7 Qe7 31. Qc3 Qf6 32. Qh3+ Qh6 33. Qg4
g6 34. Bd7 Be2 35. Qd4+ Qg7 36. Bxe8 Bxd1 37. Qxd1 Qf6 38. Qe1 b6 39. Bb5 Kg7
40. h3 a5 41. Qe3 a4 42. Qa3 Qxf2 43. Qxa4 Qe1+ 44. Kh2 Qe5+ 45. Kg1 Qe1+ 46.
Bf1 Qe3+ 47. Kh2 Qe5+ 48. g3 Qb2+ 49. Kh1 Qf2 50. Qa1+ Kh7 51. g4 Kg8 52. Qd1
Qc5 53. Qe2 Qd4 54. Qd3 Qf6 55. Qb5 Kg7 56. Kg2 Kg8 57. Be2 Kg7 58. Bf3 Kg8 59.
Bc6 Qd8 60. Bd5 Qf6 61. Qc6 Qb2+ 62. Kf3 Qa3+ 63. Ke4 Qe7+ 64. Kd4 Qb4+ 65. Qc4
Qb2+ 66. Qc3 Qf2+ 67. Qe3 Qb2+ 68. Ke4 Qg2+ 69. Ke5 Qh2+ 70. Kd4 Qb2+ 71. Qc3
Qf2+ 72. Ke5 Qf4# 0-1